000
00330nam a2200133Ia 4500
008
220216s9999 xx 000 0 und d
100
_a
Watts J T
245
0
_a
Accelerators and colours in sponge rubber
260
_b
IRI Transactions
_c
1942
300
_a
67-74
650
_a
Accelerator
650
_a
Sponge rubber
942
_c
JS
999
_c
53736
_d
53736